Statistiques concernant Langues les plus parlées (monde)

Cliquez ici pour prendre le quiz!

Statistiques générales

  • Ce quiz a été pris 452 fois
    (377 depuis la dernière actualisation)
  • Le résultat moyen est 14 sur 41

Statistiques - réponses

Nombre
De
Locuteurs
Langues% Correct
1.452 MAnglais
100%
548.3 MEspagnol
97%
274.1 MFrançais
97%
257.7 MPortugais
90%
134.6 MAllemand
88%
431.1 MArabe
88%
1.118 MMandarin
88%
258.2 MRusse
88%
67.9 MItalien
75%
125.4 MJaponais
75%
602.2 MHindi
53%
81.7 MCoréen
50%
88.1 MTurc
49%
40.6 MPolonais
33%
60.7 MThai
33%
199 MIndonésien
31%
85.3 MVietnamien
28%
272.7 MBengali
25%
77.4 MPersan
23%
85.6 MCantonais
21%
231.3 MOurdou
19%
82.3 MTagalog
18%
71.4 MSwahili
17%
40.3 MLingala
14%
86.4 MTamoul
13%
43 MBirman
9%
81.8 MWu
7%
118.1 MPendjabi
6%
68.3 MJavanais
5%
120 MPidgin nigérian
5%
77.1 MHaoussa
4%
49.7 MMinnan
4%
95.7 MTélougou
4%
62 MGujarati
3%
99.1 MMarathi
3%
45.6 MYoruba
3%
57.5 MAmharique
2%
47.1 MJin
2%
64 MKannada
2%
52.5 MBhodjpouri
1%
44.1 MHakka
1%

Distribution des résultats

Percentile par nombre de réponses

% des personnes avec chaque résultat

Votre développement - résultats

Vous n’avez pas pris ce quiz depuis la dernière actualisation